000 004260000a22001690004500
003 MACL
005 20151229174925.0
008 151229b xxu||||| |||| 00| 0 eng d
040 _aMACL
_cMACL
041 _aEnglish
082 _a218/HIL
100 _aHill, J Arthur
_924488
245 _aReligion and Modern Psychology
260 _bWilliam Rider and Son Ltd
_c1911
650 _aHumankind
_9335
942 _cBK
_k218/HIL
_2ddc
999 _c38023
_d38023